[Event "CAN-ch U20"]
[Site "Calgary CAN"]
[Date "2012.01.07"]
[Round "6"]
[White "Lee, Brendon"]
[Black "Cao, Jason"]
[Result "0-1"]
[WhiteElo "1869"]
[BlackElo "2053"]
[PlyCount "88"]
[GameId "2160767909572945"]
[EventDate "2012.01.05"]
[EventType "swiss"]
[EventRounds "7"]
[EventCountry "CAN"]
[SourceTitle "EXT 2022"]
[Source "ChessBase"]
[SourceDate "2021.10.06"]
[SourceVersion "1"]
[SourceVersionDate "2021.10.06"]
[SourceQuality "1"]

1. e4 c5 2. Nf3 d6 3. d4 cxd4 4. Nxd4 Nf6 5. Nc3 a6 6. Be3 e5 7. Nb3 Be6 8. Be2 Nbd7 9. Qd2 b5 10. a3 Be7 11. Rd1 Qc7 12. O-O O-O 13. f3 Rfc8 14. Rc1 Nb6 15. Bxb6 Qxb6+ 16. Kh1 Bc4 17. Rfd1 h6 18. Bd3 Rd8 19. Qe2 Rac8 20. Nd2 Be6 21. Nf1 Nh5 22. g3 Nf6 23. Ne3 Re8 24. a4 b4 25. Ncd5 Bxd5 26. exd5 a5 27. Bb5 Red8 28. Nc4 Qa7 29. b3 Nh7 30. f4 exf4 31. gxf4 Bf6 32. Rd3 Nf8 33. Rg1 Ng6 34. Qf1 Qc5 35. Rg2 Nh4 36. Re2 Nf5 37. Qh3 Nd4 38. Rg2 Kh8 39. Ne3 Nxb5 40. Nf5 Re8 41. Rd1 Qc3 42. Rg3 Re1+ 43. Rxe1 Qxe1+ 44. Rg1 Qe4+ 0-1

[Event "CAN-ch U20"]
[Site "Calgary CAN"]
[Date "2012.01.07"]
[Round "6"]
[White "Li, Kevin"]
[Black "Wang, Richard"]
[Result "0-1"]
[WhiteElo "2238"]
[BlackElo "2306"]
[PlyCount "140"]
[GameId "2160767909572946"]
[EventDate "2012.01.05"]
[EventType "swiss"]
[EventRounds "7"]
[EventCountry "CAN"]
[SourceTitle "EXT 2022"]
[Source "ChessBase"]
[SourceDate "2021.10.06"]
[SourceVersion "1"]
[SourceVersionDate "2021.10.06"]
[SourceQuality "1"]

1. e4 c5 2. Nf3 d6 3. d4 cxd4 4. Qxd4 a6 5. c4 Nc6 6. Qd2 g6 7. Nc3 Bg7 8. b3 Nf6 9. Bb2 O-O 10. Be2 Qa5 11. Nd5 Qxd2+ 12. Nxd2 Nxd5 13. Bxg7 Kxg7 14. cxd5 Nd4 15. Bd3 b5 16. O-O Bd7 17. Rac1 Rac8 18. f3 f5 19. Kf2 fxe4 20. Bxe4 h5 21. Ke3 Nf5+ 22. Bxf5 gxf5 23. f4 Kf6 24. Nf3 Rfd8 25. Kd4 a5 26. a3 e6 27. b4 axb4 28. axb4 Re8 29. dxe6 Bxe6 30. Rfe1 Red8 31. Nd2 Ra8 32. Rc2 Ra4 33. Rb1 Ra3 34. Rc6 Ra2 35. Kd3 Bd5 36. Rb6 Bxg2 37. Rxb5 Rc8 38. Ra5 Rac2 39. Ra3 d5 40. b5 Be4+ 41. Nxe4+ fxe4+ 42. Ke3 Rxh2 43. Kd4 Rd2+ 44. Ke3 Rh2 45. Kd4 Kf5 46. b6 Rcc2 47. Rb5 Rhd2+ 48. Ke3 Re2+ 49. Kd4 Red2+ 50. Ke3 Ke6 51. Rb4 Re2+ 52. Kd4 Kd6 53. Rba4 Red2+ 54. Ke3 Re2+ 55. Kd4 Rcd2+ 56. Kc3 Rd3+ 57. Kb4 Rb2+ 58. Ka5 Rxa3 59. Rxa3 d4 60. Ra4 Kc5 61. Ra1 Rb5+ 62. Ka4 Rxb6 63. Rc1+ Kd5 64. f5 d3 65. Ka5 Rf6 66. Kb4 d2 67. Rd1 e3 68. Kc3 Ke4 69. Ra1 Rc6+ 70. Kb2 e2 0-1

[Event "CAN-ch U20"]
[Site "Calgary CAN"]
[Date "2012.01.07"]
[Round "6"]
[White "MacKinnon, Keith"]
[Black "Zhao, Chenxi"]
[Result "1-0"]
[WhiteElo "2349"]
[BlackElo "1413"]
[PlyCount "89"]
[GameId "2160767909572947"]
[EventDate "2012.01.05"]
[EventType "swiss"]
[EventRounds "7"]
[EventCountry "CAN"]
[SourceTitle "EXT 2022"]
[Source "ChessBase"]
[SourceDate "2021.10.06"]
[SourceVersion "1"]
[SourceVersionDate "2021.10.06"]
[SourceQuality "1"]

1. e4 e5 2. Nf3 Nc6 3. d4 exd4 4. Nxd4 Nxd4 5. Qxd4 d6 6. Nc3 Nf6 7. Bf4 Be7 8. O-O-O O-O 9. Bc4 a6 10. h3 Bd7 11. Kb1 b5 12. Be2 Qb8 13. Bf3 Ra7 14. g4 b4 15. Ne2 a5 16. Ng3 a4 17. g5 Ne8 18. Nf5 Bd8 19. Rhg1 Be6 20. Rd2 b3 21. cxb3 axb3 22. a3 Ra6 23. Qc3 Ra4 24. Be3 Qc8 25. Nd4 c5 26. Nxb3 c4 27. Qd4 Qd7 28. Nc5 dxc5 29. Qxd7 Bxd7 30. Rxd7 Nc7 31. Bxc5 Re8 32. Bh5 g6 33. Bd1 Ra5 34. Bb6 Rb5 35. Bxc7 Bxc7 36. Rxc7 Reb8 37. b4 cxb3 38. Kb2 Rd8 39. Bxb3 Rd2+ 40. Kc3 Rxf2 41. Rg3 Re5 42. Rxf7 Rxf7 43. Rf3 Ree7 44. Rxf7 Rxf7 45. a4 1-0

[Event "CAN-ch U20"]
[Site "Calgary CAN"]
[Date "2012.01.07"]
[Round "6"]
[White "Shi, Diwen"]
[Black "Lintott, Zachary"]
[Result "1-0"]
[WhiteElo "1783"]
[BlackElo "1359"]
[PlyCount "43"]
[GameId "2160767909572948"]
[EventDate "2012.01.05"]
[EventType "swiss"]
[EventRounds "7"]
[EventCountry "CAN"]
[SourceTitle "EXT 2022"]
[Source "ChessBase"]
[SourceDate "2021.10.06"]
[SourceVersion "1"]
[SourceVersionDate "2021.10.06"]
[SourceQuality "1"]

1. d4 d5 2. c4 c6 3. Nf3 Nf6 4. Nc3 Bf5 5. Qb3 Qd7 6. cxd5 cxd5 7. Ne5 Qc7 8. Nxd5 Nxd5 9. Qxd5 e6 10. Qb3 Bd6 11. Nf3 Nc6 12. Bd2 Bg4 13. e3 Bxf3 14. gxf3 Bxh2 15. f4 Bxf4 16. exf4 Nxd4 17. Qa4+ b5 18. Qxd4 Rd8 19. Qe3 O-O 20. Rc1 Qb7 21. Rg1 Rd5 22. Bg2 1-0

[Event "CAN-ch U20"]
[Site "Calgary CAN"]
[Date "2012.01.07"]
[Round "6"]
[White "Thavandiran, Shiyam"]
[Black "De Guzman, Jeff Anthony"]
[Result "1-0"]
[WhiteElo "2479"]
[BlackElo "1992"]
[PlyCount "79"]
[GameId "2160767909572949"]
[EventDate "2012.01.05"]
[EventType "swiss"]
[EventRounds "7"]
[EventCountry "CAN"]
[SourceTitle "EXT 2022"]
[Source "ChessBase"]
[SourceDate "2021.10.06"]
[SourceVersion "1"]
[SourceVersionDate "2021.10.06"]
[SourceQuality "1"]

1. Nf3 d5 2. g3 c5 3. Bg2 Nc6 4. d4 cxd4 5. Nxd4 e5 6. Nxc6 bxc6 7. c4 Nf6 8. O-O Rb8 9. Bg5 Be6 10. Nc3 d4 11. Bxc6+ Bd7 12. Bxf6 gxf6 13. Bxd7+ Qxd7 14. Nd5 Bg7 15. b3 Rd8 16. e3 dxe3 17. fxe3 Qc6 18. Qg4 Kf8 19. Rf5 Qc5 20. Qf3 Rd6 21. Rf1 h5 22. h4 Re6 23. Rxh5 Bh6 24. Kh2 e4 25. Qf5 Bg7 26. Rxh8+ Bxh8 27. Qh7 Bg7 28. h5 Re5 29. Kg2 Rxd5 30. cxd5 Qxe3 31. d6 Qg5 32. Qxe4 Qd2+ 33. Rf2 Qxd6 34. Qa8+ Ke7 35. Re2+ Kd7 36. Qe8+ Kc7 37. Qxf7+ Kc6 38. Re6 Bf8 39. Rxd6+ Bxd6 40. h6 1-0

[Event "CAN-ch U20"]
[Site "Calgary CAN"]
[Date "2012.01.08"]
[Round "7"]
[White "De Guzman, Jeff Anthony"]
[Black "Lee, Brendon"]
[Result "0-1"]
[WhiteElo "1992"]
[BlackElo "1869"]
[PlyCount "112"]
[GameId "2160767909572950"]
[EventDate "2012.01.05"]
[EventType "swiss"]
[EventRounds "7"]
[EventCountry "CAN"]
[SourceTitle "EXT 2022"]
[Source "ChessBase"]
[SourceDate "2021.10.06"]
[SourceVersion "1"]
[SourceVersionDate "2021.10.06"]
[SourceQuality "1"]

1. d4 Nf6 2. c4 g6 3. Nc3 d5 4. cxd5 Nxd5 5. e4 Nxc3 6. bxc3 Bg7 7. Nf3 O-O 8. Rb1 c5 9. Be2 Nc6 10. d5 Ne5 11. Nxe5 Bxe5 12. Qd2 Qa5 13. Rb3 Bd7 14. O-O b5 15. f4 Bg7 16. e5 Rab8 17. c4 b4 18. Bd3 Qb6 19. Qf2 e6 20. Be3 Rfc8 21. a3 a5 22. Rfb1 Qc7 23. Be4 exd5 24. cxd5 c4 25. d6 Qd8 26. R3b2 c3 27. Re2 b3 28. Bc5 Rb5 29. Bd4 c2 30. Rc1 b2 31. Bxb2 Rxb2 32. Rexc2 Rcxc2 33. Bxc2 Qc8 34. Qd2 Qc5+ 35. Qf2 Qxa3 36. Qa7 Bc6 37. d7 Bxd7 38. Be4 Bf8 39. h3 Bxh3 40. Bd5 Rxg2+ 41. Bxg2 Qxc1+ 42. Kh2 Bxg2 43. Kxg2 Qxf4 44. Qxa5 h5 45. Qb5 h4 46. e6 Qg4+ 47. Kh1 Qxe6 48. Qa5 Qh3+ 49. Kg1 Qg3+ 50. Kf1 h3 51. Qa7 h2 52. Ke2 h1=Q 53. Qe3 Qhh2+ 54. Kf1 Qgg2+ 55. Ke1 Bb4+ 56. Kd1 Qc2# 0-1

[Event "CAN-ch U20"]
[Site "Calgary CAN"]
[Date "2012.01.08"]
[Round "7"]
[White "Lintott, Zachary"]
[Black "MacKinnon, Keith"]
[Result "0-1"]
[WhiteElo "1359"]
[BlackElo "2350"]
[PlyCount "90"]
[GameId "2160767909572951"]
[EventDate "2012.01.05"]
[EventType "swiss"]
[EventRounds "7"]
[EventCountry "CAN"]
[SourceTitle "EXT 2022"]
[Source "ChessBase"]
[SourceDate "2021.10.06"]
[SourceVersion "1"]
[SourceVersionDate "2021.10.06"]
[SourceQuality "1"]

1. c4 c5 2. Nc3 e6 3. e4 Nc6 4. d3 Nge7 5. Bf4 d6 6. Nf3 Nd4 7. Nxd4 cxd4 8. Nb5 Nc6 9. Qa4 e5 10. Bg3 Be7 11. Be2 O-O 12. O-O a6 13. Na3 Rb8 14. Qd1 b5 15. b3 Qd7 16. f4 Qd8 17. fxe5 dxe5 18. cxb5 axb5 19. Rc1 Qb6 20. Nc2 Ra8 21. Ra1 Be6 22. Bg4 Nb4 23. Nxb4 Bxb4 24. Bxe5 Bc3 25. Rb1 Rxa2 26. Qf3 f6 27. Bxe6+ Qxe6 28. Bg3 Rfa8 29. e5 fxe5 30. Qb7 b4 31. Qc7 Qd5 32. Rf3 R2a7 33. Qxe5 Qxe5 34. Bxe5 Re7 35. Bf4 h6 36. h4 Re2 37. Kf1 Raa2 38. Bg3 Reb2 39. Rxb2 Rxb2 40. Rf2 Rxb3 41. Rc2 Rb1+ 42. Ke2 b3 43. Rxc3 dxc3 44. Bf4 b2 45. d4 c2 0-1

[Event "CAN-ch U20"]
[Site "Calgary CAN"]
[Date "2012.01.08"]
[Round "7"]
[White "Thavandiran, Shiyam"]
[Black "Shi, Diwen"]
[Result "1-0"]
[WhiteElo "2479"]
[BlackElo "1783"]
[PlyCount "69"]
[GameId "2160767909572952"]
[EventDate "2012.01.05"]
[EventType "swiss"]
[EventRounds "7"]
[EventCountry "CAN"]
[SourceTitle "EXT 2022"]
[Source "ChessBase"]
[SourceDate "2021.10.06"]
[SourceVersion "1"]
[SourceVersionDate "2021.10.06"]
[SourceQuality "1"]

1. e4 e5 2. Nf3 Nc6 3. Bb5 a6 4. Ba4 Nf6 5. O-O Be7 6. Bxc6 bxc6 7. Nc3 d6 8. d4 exd4 9. Nxd4 Bb7 10. Nf5 O-O 11. Qf3 Bc8 12. Bg5 Bxf5 13. Qxf5 Nd7 14. Bxe7 Qxe7 15. Rae1 Rfe8 16. Re3 Rab8 17. b3 Ra8 18. Rfe1 a5 19. a4 Qe6 20. Qh5 Qg6 21. Qd1 Qe6 22. Ne2 Qe5 23. Nd4 Qc5 24. Qd2 Qb6 25. Nf5 Ne5 26. Rg3 Ng6 27. h4 h5 28. Qd1 Re5 29. Qxh5 d5 30. Rxg6 fxg6 31. Qxg6 Rxf5 32. exf5 Qb4 33. Re3 Qxh4 34. Qe6+ Kf8 35. Rh3 1-0

[Event "CAN-ch U20"]
[Site "Calgary CAN"]
[Date "2012.01.08"]
[Round "7"]
[White "Wang, Richard"]
[Black "Doknjas, John"]
[Result "1-0"]
[WhiteElo "2306"]
[BlackElo "2063"]
[PlyCount "61"]
[GameId "2160767909572953"]
[EventDate "2012.01.05"]
[EventType "swiss"]
[EventRounds "7"]
[EventCountry "CAN"]
[SourceTitle "EXT 2022"]
[Source "ChessBase"]
[SourceDate "2021.10.06"]
[SourceVersion "1"]
[SourceVersionDate "2021.10.06"]
[SourceQuality "1"]

1. d4 Nf6 2. Nf3 c5 3. e3 d5 4. c4 e6 5. a3 a6 6. dxc5 Bxc5 7. b4 Bd6 8. Nbd2 Nc6 9. Bb2 O-O 10. Bd3 Qe7 11. Qc2 h6 12. O-O Rd8 13. Rad1 Kh8 14. Rfe1 dxc4 15. Nxc4 e5 16. h3 Bc7 17. Bf1 Bd7 18. e4 Be8 19. Ne3 Nd4 20. Bxd4 exd4 21. Nf5 Qd7 22. Rxd4 Qc8 23. Rc4 Bc6 24. Ne7 Qb8 25. Nxc6 bxc6 26. Rxc6 Bb6 27. Nh4 Qf4 28. Nf3 Rab8 29. e5 Nd5 30. Rc4 Qg3 31. Rg4 1-0

[Event "CAN-ch U20"]
[Site "Calgary CAN"]
[Date "2012.01.08"]
[Round "7"]
[White "Zhang, David"]
[Black "Cao, Jason"]
[Result "1-0"]
[WhiteElo "2227"]
[BlackElo "2053"]
[PlyCount "193"]
[GameId "2160767909572954"]
[EventDate "2012.01.05"]
[EventType "swiss"]
[EventRounds "7"]
[EventCountry "CAN"]
[SourceTitle "EXT 2022"]
[Source "ChessBase"]
[SourceDate "2021.10.06"]
[SourceVersion "1"]
[SourceVersionDate "2021.10.06"]
[SourceQuality "1"]

1. e4 c5 2. Nf3 d6 3. Bb5+ Nd7 4. O-O Ngf6 5. Re1 e5 6. c3 a6 7. Bf1 Be7 8. a4 O-O 9. Na3 b6 10. d4 Bb7 11. d5 Re8 12. g3 Nf8 13. Bh3 Ng6 14. Qd3 Bc8 15. Bxc8 Qxc8 16. Nc4 Qc7 17. Ne3 b5 18. Nf5 c4 19. Qc2 Bf8 20. Be3 Nd7 21. axb5 axb5 22. b4 cxb3 23. Qxb3 Nc5 24. Bxc5 Qxc5 25. Qb4 Rxa1 26. Rxa1 Rc8 27. Qxc5 Rxc5 28. Ra8 Rxc3 29. Kg2 f6 30. Nxd6 b4 31. Rb8 b3 32. Nd2 Rd3 33. N6c4 Kf7 34. Rxb3 Rxb3 35. Nxb3 Bb4 36. Kf3 Nf8 37. Ke3 Nd7 38. Kd3 g6 39. Ne3 Nb6 40. f4 h5 41. fxe5 fxe5 42. Nc4 Nd7 43. Nca5 Bxa5 44. Nxa5 Nc5+ 45. Ke3 Ke7 46. Nc4 Kf6 47. Nb2 Nb7 48. Kd3 Nc5+ 49. Ke3 Nb7 50. Na4 Nd6 51. Nb6 Kg5 52. h3 h4 53. g4 Kh6 54. Nd7 Nf7 55. Nc5 Kg5 56. Ne6+ Kf6 57. Kf3 g5 58. Ke3 Nh8 59. Nc5 Ng6 60. Kd2 Ke7 61. Ne6 Kf6 62. Nc5 Ke7 63. Nd3 Kd6 64. Kc2 Ke7 65. Kc3 Kd6 66. Kc4 Nf4 67. Nf2 Ng2 68. Kb5 Nf4 69. Kc4 Ng2 70. Kb4 Nf4 71. Kb5 Ne2 72. Nd1 Nf4 73. Ne3 Nxh3 74. Nc4+ Ke7 75. Kc6 Nf4 76. Nxe5 h3 77. d6+ Ke8 78. Nf3 Kd8 79. Nxg5 h2 80. Nf7+ Ke8 81. d7+ Kxf7 82. d8=Q h1=Q 83. Qc7+ Kg8 84. Qxf4 Qb1 85. Kd5 Qb7+ 86. Ke6 Qc8+ 87. Kf6 Qf8+ 88. Kg5 Qg7+ 89. Kh5 Qh7+ 90. Qh6 Qxe4 91. Qg6+ Qxg6+ 92. Kxg6 Kh8 93. Kh6 Kg8 94. g5 Kh8 95. g6 Kg8 96. g7 Kf7 97. Kh7 1-0

[Event "CAN-ch U20"]
[Site "Calgary CAN"]
[Date "2012.01.08"]
[Round "7"]
[White "Zhao, Chenxi"]
[Black "Li, Kevin"]
[Result "0-1"]
[WhiteElo "1413"]
[BlackElo "2238"]
[PlyCount "76"]
[GameId "2160767909572955"]
[EventDate "2012.01.05"]
[EventType "swiss"]
[EventRounds "7"]
[EventCountry "CAN"]
[SourceTitle "EXT 2022"]
[Source "ChessBase"]
[SourceDate "2021.10.06"]
[SourceVersion "1"]
[SourceVersionDate "2021.10.06"]
[SourceQuality "1"]

1. e4 c5 2. Nf3 Nc6 3. d4 cxd4 4. Nxd4 Nf6 5. Nc3 e5 6. Ndb5 d6 7. Bg5 a6 8. Na3 b5 9. Nd5 Be7 10. Nxe7 Nxe7 11. Bxf6 gxf6 12. g3 Bb7 13. Bg2 f5 14. Qd3 fxe4 15. Bxe4 d5 16. Bg2 Bc6 17. c3 Rc8 18. O-O O-O 19. Rfe1 f6 20. Rad1 Qb6 21. Nc2 Rcd8 22. Nb4 Bb7 23. Qf3 Kh8 24. Qh5 e4 25. Qh6 Ng6 26. Qh5 f5 27. Bh3 Qf6 28. Nc2 f4 29. Nd4 Rde8 30. Rf1 Re5 31. Qe2 Bc8 32. Bxc8 Rxc8 33. Qd2 Rg8 34. Kh1 Rh5 35. Ne2 f3 36. Nd4 Nf4 37. Qxf4 Qxf4 38. gxf4 Rg2 0-1

[Event "CAN-ch U20"]
[Site "Toronto CAN"]
[Date "2012.12.26"]
[Round "1"]
[White "Qin, Zi Yi (Joey)"]
[Black "Wang, Richard"]
[Result "1/2-1/2"]
[WhiteElo "2449"]
[BlackElo "2454"]
[PlyCount "49"]
[GameId "2160767909411009"]
[EventDate "2012.12.26"]
[EventType "tourn"]
[EventRounds "9"]
[EventCountry "CAN"]

1. e4 c6 2. d4 d5 3. exd5 cxd5 4. c4 Nf6 5. Nc3 Nc6 6. Bg5 dxc4 7. Bxc4 h6 8. Be3 e6 9. Nf3 Be7 10. O-O O-O 11. a3 b6 12. Qe2 Bb7 13. Rad1 Qc7 14. Rfe1 Rad8 15. Ba2 Rfe8 16. Qc2 Bf8 17. d5 exd5 18. Nxd5 Nxd5 19. Bxd5 Qc8 20. Qc4 Qd7 21. Qc1 Na5 22. Bxb7 Qxb7 23. h3 Rc8 24. Qb1 g6 25. Bd4 1/2-1/2

[Event "CAN-ch U20"]
[Site "Toronto CAN"]
[Date "2012.12.26"]
[Round "2"]
[White "Qin, Zi Yi (Joey)"]
[Black "Song, Michael"]
[Result "1/2-1/2"]
[WhiteElo "2449"]
[BlackElo "2322"]
[PlyCount "66"]
[GameId "2160767909411010"]
[EventDate "2012.12.26"]
[EventType "tourn"]
[EventRounds "9"]
[EventCountry "CAN"]

1. e4 c5 2. Nf3 Nc6 3. d4 cxd4 4. Nxd4 g6 5. c4 Nf6 6. Nc3 d6 7. Be2 Nxd4 8. Qxd4 Bg7 9. Be3 O-O 10. Qd2 Be6 11. O-O Qa5 12. Rac1 a6 13. f3 Rfc8 14. b3 b5 15. Nd5 Qxd2 16. Bxd2 Nxd5 17. cxd5 Bd4+ 18. Kh1 Bd7 19. Bd3 Rxc1 20. Rxc1 Rc8 21. Rxc8+ Bxc8 22. g4 Bb7 23. Kg2 e6 24. dxe6 fxe6 25. Kg3 Kf7 26. h3 d5 27. exd5 Bxd5 28. h4 e5 29. h5 Kf6 30. Bc2 Bb6 31. Bd3 Bc6 32. Kg2 gxh5 33. gxh5 Be8 1/2-1/2

[Event "CAN-ch U20"]
[Site "Toronto CAN"]
[Date "2012.12.27"]
[Round "3"]
[White "Preotu, Razvan"]
[Black "Qin, Zi Yi (Joey)"]
[Result "0-1"]
[WhiteElo "2300"]
[BlackElo "2449"]
[PlyCount "94"]
[GameId "2160767909411011"]
[EventDate "2012.12.26"]
[EventType "tourn"]
[EventRounds "9"]
[EventCountry "CAN"]

1. e4 c5 2. Nf3 d6 3. c3 Nf6 4. Be2 Nbd7 5. d3 b6 6. O-O Bb7 7. Re1 e6 8. Bf1 Be7 9. Nbd2 Rc8 10. d4 Qc7 11. Bd3 O-O 12. Nf1 Rfe8 13. Ng3 Bf8 14. Bg5 h6 15. Bd2 e5 16. Rc1 Qb8 17. d5 g6 18. c4 Bg7 19. Nh4 Kh7 20. Qf3 Rg8 21. Ne2 Rcf8 22. g4 Qd8 23. Qh3 Kh8 24. Nf3 h5 25. gxh5 Nxh5 26. Ng3 Ndf6 27. Nh4 Nh7 28. Nxh5 gxh5 29. Kh1 Bf6 30. Nf5 Bg5 31. f4 Bxf4 32. Bxf4 exf4 33. Qxh5 Bc8 34. Nh6 Qg5 35. Qxg5 Rxg5 36. Rg1 Kg7 37. Nf5+ Bxf5 38. exf5 Rxg1+ 39. Kxg1 Ng5 40. Kg2 Rh8 41. Rf1 Rh4 42. Be2 Kf6 43. h3 Nxh3 44. Rh1 f3+ 45. Bxf3 Nf4+ 46. Kg3 Rxh1 47. Bxh1 Kxf5 0-1

[Event "CAN-ch U20"]
[Site "Toronto CAN"]
[Date "2012.12.26"]
[Round "4"]
[White "Qin, Zi Yi (Joey)"]
[Black "Sapozhnikov, Roman"]
[Result "1-0"]
[WhiteElo "2449"]
[BlackElo "2440"]
[PlyCount "87"]
[GameId "2160767909411012"]
[EventDate "2012.12.26"]
[EventType "tourn"]
[EventRounds "9"]
[EventCountry "CAN"]

1. Nf3 Nf6 2. g3 d5 3. Bg2 c6 4. O-O Bf5 5. d3 h6 6. b3 e6 7. Bb2 Be7 8. Nbd2 O-O 9. Qe1 Bh7 10. e4 a5 11. a3 Na6 12. Qe2 Rc8 13. Ne5 b5 14. Kh1 a4 15. f4 Nc5 16. Rac1 Nfd7 17. Nef3 Nb6 18. b4 Ncd7 19. c4 Bf6 20. e5 Be7 21. c5 Na8 22. Nd4 Re8 23. h4 Nf8 24. Bh3 Qd7 25. N2f3 Nc7 26. Rce1 Bd8 27. Bc1 f5 28. g4 Qf7 29. Rg1 h5 30. gxf5 exf5 31. Nxc6 Nce6 32. Nxd8 Rcxd8 33. d4 Qe7 34. Qf2 Ng6 35. Bxf5 Qf7 36. Qc2 Ngf8 37. Bxh7+ Nxh7 38. f5 Kh8 39. Rg3 Nef8 40. Reg1 Re7 41. Bg5 Nxg5 42. Nxg5 Qe8 43. Qe2 g6 44. e6 1-0

[Event "CAN-ch U20"]
[Site "Toronto CAN"]
[Date "2012.12.26"]
[Round "5"]
[White "Jiang, Louie"]
[Black "Qin, Zi Yi (Joey)"]
[Result "1/2-1/2"]
[WhiteElo "2406"]
[BlackElo "2449"]
[PlyCount "51"]
[GameId "2160767909411013"]
[EventDate "2012.12.26"]
[EventType "tourn"]
[EventRounds "9"]
[EventCountry "CAN"]

1. c4 Nf6 2. Nf3 g6 3. g3 Bg7 4. Bg2 O-O 5. O-O d6 6. d4 c6 7. h3 Nbd7 8. Qc2 e5 9. dxe5 dxe5 10. Rd1 Qc7 11. e4 Re8 12. Be3 b6 13. b4 a5 14. bxa5 Rxa5 15. Nbd2 c5 16. Nb3 Ra7 17. a4 Bb7 18. Nfd2 Rea8 19. Nb1 Rxa4 20. Rxa4 Rxa4 21. Nxc5 Ra8 22. Nxb7 Qxb7 23. Nc3 Bf8 24. Nd5 Rc8 25. Qb3 Qc6 26. Nxf6+ 1/2-1/2

[Event "CAN-ch U20"]
[Site "Toronto CAN"]
[Date "2012.12.26"]
[Round "6"]
[White "Preotu, Razvan"]
[Black "Sapozhnikov, Roman"]
[Result "1/2-1/2"]
[WhiteElo "2300"]
[BlackElo "2440"]
[PlyCount "105"]
[GameId "2160767909411014"]
[EventDate "2012.12.26"]
[EventType "tourn"]
[EventRounds "9"]
[EventCountry "CAN"]

1. e4 c5 2. Nf3 e6 3. d4 cxd4 4. Nxd4 Nc6 5. Nc3 Qc7 6. Be3 Nf6 7. Qd2 Nxd4 8. Qxd4 e5 9. Qa4 Be7 10. Bg5 Qc5 11. Bxf6 Bxf6 12. Nd5 Bd8 13. Rd1 O-O 14. b4 Qc6 15. Bb5 Qg6 16. O-O Qxe4 17. Rfe1 Qf5 18. Ne3 Qf4 19. c4 d6 20. Rxd6 Be6 21. Bd7 Be7 22. Rdd1 Rad8 23. a3 a5 24. g3 Qf3 25. Bxe6 fxe6 26. Rf1 Rxd1 27. Qxd1 axb4 28. Qxf3 Rxf3 29. axb4 Bxb4 30. Rb1 Bc5 31. Rxb7 Bxe3 32. fxe3 Rxe3 33. Re7 Kf8 34. Rxe6 Kf7 35. Kf2 Rxg3 36. Rxe5 Rh3 37. Kg2 Rc3 38. c5 Kf6 39. Rd5 g6 40. Rd7 h5 41. Rd5 h4 42. Rd6+ Kf5 43. Rd5+ Kf4 44. Rd4+ Kg5 45. Rd5+ Kh6 46. h3 Kg7 47. Rd7+ Kf6 48. Rd6+ Kf5 49. Rd5+ Kf4 50. Rd4+ Kg5 51. Rd5+ Kh6 52. Re5 Kg7 53. Rd5 1/2-1/2

[Event "CAN-ch U20"]
[Site "Toronto CAN"]
[Date "2012.12.26"]
[Round "6"]
[White "Qin, Zi Yi (Joey)"]
[Black "Chiku-Ratte, Olivier-Kenta"]
[Result "1-0"]
[WhiteElo "2449"]
[BlackElo "2187"]
[PlyCount "77"]
[GameId "2160767909411015"]
[EventDate "2012.12.26"]
[EventType "tourn"]
[EventRounds "9"]
[EventCountry "CAN"]

1. e4 c5 2. Nf3 d6 3. d4 cxd4 4. Nxd4 Nf6 5. Nc3 g6 6. Be3 Bg7 7. f3 Nc6 8. Qd2 O-O 9. O-O-O d5 10. exd5 Nxd5 11. Nxc6 bxc6 12. Bd4 Nxc3 13. Qxc3 Bh6+ 14. Be3 Bxe3+ 15. Qxe3 Qb6 16. Qxe7 Be6 17. Qa3 Rad8 18. Bd3 Rd5 19. Rhe1 Ra5 20. Qc3 Rxa2 21. b3 Ra5 22. Kb2 Rc5 23. Qf6 Qd8 24. Qxd8 Rxd8 25. c4 Ra5 26. Be4 Rb8 27. Rc1 Ra4 28. Kc3 Rab4 29. Bc2 Kf8 30. g4 Ke7 31. Re5 Kd6 32. Ra5 R4b7 33. Rca1 Ra8 34. Be4 Bd7 35. b4 f6 36. b5 f5 37. Rd1+ Kc7 38. Rxd7+ Kxd7 39. bxc6+ 1-0

[Event "CAN-ch U20"]
[Site "Toronto CAN"]
[Date "2012.12.26"]
[Round "6"]
[White "Wang, Richard"]
[Black "Szalay, Karoly"]
[Result "1-0"]
[WhiteElo "2454"]
[BlackElo "2392"]
[PlyCount "75"]
[GameId "2160767909411016"]
[EventDate "2012.12.26"]
[EventType "tourn"]
[EventRounds "9"]
[EventCountry "CAN"]

1. d4 d5 2. Nf3 e6 3. e3 Nf6 4. Bd3 c5 5. b3 Nc6 6. O-O Be7 7. Bb2 O-O 8. Nbd2 Qc7 9. a3 b6 10. Ne5 Nd7 11. f4 f6 12. Qh5 f5 13. Qh3 Nf6 14. Ndf3 Ne4 15. g4 Nxe5 16. Nxe5 c4 17. Bxe4 dxe4 18. bxc4 Ba6 19. Rf2 Bxc4 20. Rg2 Bf6 21. Kh1 Rad8 22. a4 Bxe5 23. dxe5 Rf7 24. Rag1 Rdd7 25. Qh5 g6 26. gxf5 Rxf5 27. Qh4 Rff7 28. Ba3 Qd8 29. Qh6 Rg7 30. Bd6 a6 31. h4 Qc8 32. h5 Qb7 33. hxg6 hxg6 34. Rh2 Kf7 35. Qh4 Qc8 36. Qf6+ Kg8 37. Rxg6 Rdf7 38. Qh4 1-0

[Event "CAN-ch U20"]
[Site "Toronto CAN"]
[Date "2012.12.26"]
[Round "7"]
[White "Kraiouchkine, Nikita"]
[Black "Qin, Zi Yi (Joey)"]
[Result "1-0"]
[WhiteElo "2351"]
[BlackElo "2449"]
[PlyCount "115"]
[GameId "2160767909411017"]
[EventDate "2012.12.26"]
[EventType "tourn"]
[EventRounds "9"]
[EventCountry "CAN"]

1. d4 Nf6 2. Nc3 d5 3. Bg5 Bf5 4. Qd2 e6 5. f3 Be7 6. O-O-O Nbd7 7. g4 Bg6 8. h4 h5 9. gxh5 Nxh5 10. Nh3 Ndf6 11. Bg2 Qd7 12. e4 O-O-O 13. Nf2 dxe4 14. fxe4 Kb8 15. Rh3 Ne8 16. e5 f6 17. Be3 Bf5 18. Rh2 c6 19. Ne2 fxe5 20. dxe5 Qc7 21. Qc3 Rxd1+ 22. Nxd1 Nef6 23. Rh1 Nd7 24. Bd4 c5 25. Bg1 Nxe5 26. Ne3 Bd6 27. Kb1 Bg6 28. Qb3 Re8 29. Bh2 Nf7 30. Bxd6 Nxd6 31. Rd1 Re7 32. Qa4 Be8 33. Qg4 Nf6 34. Qg3 Nc8 35. Qg5 Nb6 36. Nf4 Nh7 37. Qg3 Nd7 38. Nc4 Rf7 39. Nd6 Re7 40. Nxb7 Nhf6 41. Nd6 Nb6 42. a3 Bc6 43. Bxc6 Qxc6 44. Ng6 Rc7 45. Ne5 Qa4 46. b3 Qa6 47. Nec4 Nbd5 48. Qe5 Ka8 49. Rg1 Re7 50. h5 Qc6 51. h6 gxh6 52. Rg6 Nd7 53. Rg8+ Nb8 54. Rxb8+ Kxb8 55. Qh8+ Re8 56. Nxe8 Qc8 57. Ncd6 Qd8 58. Qe5 1-0

[Event "CAN-ch U20"]
[Site "Toronto CAN"]
[Date "2012.12.26"]
[Round "8"]
[White "Qin, Zi Yi (Joey)"]
[Black "Szalay, Karoly"]
[Result "1-0"]
[WhiteElo "2449"]
[BlackElo "2392"]
[PlyCount "97"]
[GameId "2160767909411018"]
[EventDate "2012.12.26"]
[EventType "tourn"]
[EventRounds "9"]
[EventCountry "CAN"]

1. Nf3 d5 2. g3 c6 3. Bg2 Nf6 4. O-O Nbd7 5. d3 e5 6. e4 dxe4 7. dxe4 Bc5 8. Nbd2 O-O 9. Qe2 a5 10. Nh4 Re8 11. Rd1 Qc7 12. h3 Nf8 13. Nf1 Ne6 14. c3 b6 15. Qf3 Ba6 16. Nf5 Rad8 17. Rxd8 Qxd8 18. h4 Bd3 19. Nd2 Bf8 20. Bf1 Nc5 21. Bxd3 Qxd3 22. Qxd3 Nxd3 23. Kf1 Bc5 24. Ke2 Rd8 25. f3 Nh5 26. Nf1 Nxc1+ 27. Rxc1 g6 28. Nh6+ Kg7 29. Ng4 f6 30. Nge3 Kf7 31. Nc2 f5 32. Ne1 Nf6 33. Nd3 fxe4 34. Nxe5+ Ke6 35. f4 Rd6 36. Nd2 Kf5 37. Ndc4 Rd8 38. b4 axb4 39. cxb4 Bf8 40. Ne3+ Ke6 41. Rxc6+ Rd6 42. Rc8 Bg7 43. N3c4 Rd4 44. Rc6+ Ke7 45. Rxb6 Nd5 46. Nc6+ Kd7 47. Nxd4 Nxb6 48. Nxb6+ Kd6 49. Ke3 1-0